| 000 | 00737nam a22002412 4500 | ||
|---|---|---|---|
| 001 | 0000002947 | ||
| 005 | 20151217145731.0 | ||
| 008 | 070424s xx 000 0 eng d | ||
| 020 |
_a8122409415 : _cKES 480 |
||
| 040 |
_aKABU _cKABU |
||
| 050 | 0 |
_aHG221 _b.V357 1996 |
|
| 100 | 1 |
_aVaish, M. C. _@0000152483 |
|
| 245 | 1 | 0 |
_aMoney, banking, trade and public finance / _cM. C. Vaish. |
| 250 | _a3rd updated ed. | ||
| 260 |
_aNew Delhi : _bNew Age International, _cc1996. |
||
| 300 |
_axvi, 782 p. ; _c22 cm. |
||
| 650 | 0 |
_aMoney. _@0000152427 |
|
| 650 | 0 |
_aInternational finance. _@0000149975 |
|
| 650 | 0 |
_aFinance, Public. _@0000152484 |
|
| 908 | _a070424 | ||
| 950 | _@1 | ||
| 999 |
_c2059 _d2059 |
||